Journal of the Research Society of Pakistan

Detalles Bibliográficos
Autor Corporativo: Research Society of Pakistan
Formato: Electrónico Revista
Lenguaje:inglés
urdu
Publicado: Lahore, University of the Punjab.
Materias:
Acceso en línea:Full text available from Research Library: 12/01/2009 to present

MARC

LEADER 00000nas a2200000 4500
001 ssj0000602579
003 WaSeSS
005 20200512172242.0
006 m d
007 cr n
008 750920c19649999pk fr p s 0 a0eng
010 |a sa 67002777  
022 |l 0034-5431  |y 0034-5431 
025 |a PL480:P-D-E-146 
035 |a (WaSeSS)ssj0000602579 
040 |a DLC  |b eng  |c MUL  |d COO  |d DLC  |d HUL  |d SYS  |d OCLCQ  |d WAU  |d OCLCQ  |d WAU  |d OCLCF  |d OCLCA  |d OCLCQ  |d WaSeSS 
041 0 |a eng  |a urd 
042 |a pcc 
043 |a a-pk--- 
050 0 0 |a DS376  |b .R415 
082 0 4 |a 954.9/005 
110 2 |a Research Society of Pakistan. 
210 1 |a J. Res. Soc. Pak. 
222 0 |a Journal of the Research Society of Pakistan 
245 1 0 |a Journal of the Research Society of Pakistan  |h [electronic resource]. 
246 1 3 |a J.R.S.P. 
246 1 3 |a JRSP 
260 |a Lahore,  |b University of the Punjab. 
362 0 |a v. 1- 1964- 
506 |a License restrictions may limit access. 
546 |a In English or Urdu. 
651 0 |a Pakistan. 
651 7 |a Pakistan.  |2 fast  |0 (OCoLC)fst01210275 
655 0 |a Electronic journals. 
850 |a MH 
853 0 0 |8 1  |a v.  |b no.  |i (year)  |j (*) 
856 4 0 |z Full text available from Research Library: 12/01/2009 to present  |u https://search.proquest.com/publication/616538 
863 4 0 |8 1  |a <1>-  |i <1964>-  |x provisional